[Event "AUT Bundesliga 2021-22"]
[Site "Graz"]
[Date "2022.04.23"]
[Round "11.7"]
[White "Neugebauer, Martin"]
[Black "Bluebaum, Matthias"]
[Result "0-1"]
[WhiteElo "2502"]
[BlackElo "2642"]
[Annotator "TA"]
[PlyCount "102"]
[EventDate "2021.01.17"]
[EventType "team-tourn"]
[EventCountry "AUT"]
[SourceTitle "playchess.com"]
[Source "ChessBase"]
[SourceQuality "1"]
[TimeControl "40/5400+30:1800+30"]

{[%evp 13,102,0,3,10,14,13,6,7,15,0,28,26,19,15,20,15,27,0,14,6,5,6,8,13,10,0,-2,-14,-11,-11,-12,-16,-18,-58,-66,-88,-36,-29,-29,-47,-16,-20,-18,-31,-16,-16,-4,-49,-34,-42,-42,-68,-69,-160,-156,-157,-114,-201,-191,-158,-112,-143,-140,-152,-104,-104,-91,-133,-125,-258,-118,-118,-104,-274,-185,-183,-188,-290,-287,-316,-311,-860,-850,-943,-943,-29972,-29967,-29972,-29974,-5727,-5385]} 1. c4 {[%emt 0:00:05]} c6 {[%emt 0:04:16]} 2. Nf3 {[%emt 0:00:39]} d5 {[%emt 0:00:07]} 3. d4 {[%emt 0:00:16]} Nf6 {[%emt 0:00:05]} 4. Qb3 {[%emt 0:00:28]} dxc4 {[%emt 0:00:41]} 5. Qxc4 {[%emt 0:00:06]} Bf5 {[%emt 0:00:05]} 6. g3 {[%emt 0:00:25]} e6 {[%emt 0:00:49]} 7. Bg2 {[%emt 0:00:08]} Be7 {[%emt 0:00:13]} 8. O-O {[%emt 0:00:25] D23: Queen's Gambit Accepted: 3 Nf3 Nf6 sidelines.} O-O {[%emt 0:00:20]} 9. e3 {[%emt 0:00:23]} Nbd7 {[%emt 0:00:08]} 10. Rd1 {[%emt 0:01:05] The position is equal.} Qa5 {[%emt 0:03:41]} 11. Qe2 {[%emt 0:07:02]} Rac8 {[%emt 0:05:25]} 12. Nc3 {[%emt 0:06:39]} Ne4 {[%emt 0:02:31]} 13. Bd2 {[%emt 0:00:45] Strongly threatening Nxe4.} Nxd2 {[%emt 0:01:51]} 14. Nxd2 {[%emt 0:03:19]} Rfd8 {[%emt 0:04:13]} 15. Rac1 {[%emt 0:02:27]} h6 {[%emt 0:03:19] [#]} 16. Nb3 $146 {[%emt 0:07:56]} ({Predecessor:} 16. a3 a6 17. Nc4 Qc7 18. b4 Qb8 19. h4 Bh7 20. h5 Nf6 21. Ne5 a5 22. bxa5 Bxa3 {1-0 (29) Donchenko,A (2636)-Howell,D (2646) Warsaw 2021}) 16... Qb4 {[%emt 0:05:58]} 17. e4 {[%emt 0:04:40]} Bg6 {[%emt 0:02:31]} 18. d5 {[%emt 0:13:18]} Bf6 {[%emt 0:13:27]} 19. dxc6 {[%emt 0:08:24]} bxc6 {[%emt 0:01:26]} 20. f4 {[%emt 0:03:13]} Nc5 {[%emt 0:04:17]} 21. Nxc5 {[%emt 0:00:47]} Qxc5+ {[%emt 0:00:03]} 22. Kh1 {[%emt 0:00:19][%cal Oc3d5]} Rxd1+ {[%emt 0:04:48]} 23. Rxd1 {[%emt 0:02:57]} Bxc3 {[%emt 0:04:21]} 24. Rc1 {[%emt 0:02:04][%mdl 64] [#] Pin} Qa5 $1 25. bxc3 $15 {[%emt 0:03:52]} Rd8 {[%emt 0:00:20]} 26. h3 {[%emt 0:01:49]} Qa3 {[%emt 0:03:09]} 27. Rc2 {[%emt 0:00:34]} Qd6 {[%emt 0:01:57]} 28. Kh2 {[%emt 0:04:42]} f6 {[%emt 0:04:57]} 29. Rb2 {[%emt 0:01:14]} Qc5 {[%emt 0:00:37]} 30. Rd2 {[%emt 0:01:57]} Rxd2 {[%emt 0:01:32]} 31. Qxd2 {[%emt 0:00:04]} e5 {[%emt 0:00:07]} 32. Qd8+ {[%emt 0:04:26]} Kh7 {[%emt 0:00:34]} 33. Qc7 {[%emt 0:00:37] [#]} (33. fxe5 $15 fxe5 34. Qd3) 33... exf4 $1 $17 {[%emt 0:03:38]} ({And not} 33... Qxc3 34. f5 Bh5 35. g4 $11) 34. gxf4 {[%emt 0:00:07]} Qf2 {[%emt 0:00:09] ( -> ...Bxe4)} 35. Qxc6 {[%emt 0:03:55]} (35. f5 $17 Bh5 36. a3) 35... Qxf4+ $19 {[%emt 0:03:22]} 36. Kh1 {[%emt 0:00:15]} Qe5 {[%emt 0:02:24]} (36... a5 $142 37. Qc4 Qc1+ 38. Kh2 Qc2) 37. Qc4 {[%emt 0:05:46]} a5 {[%emt 0:00:42]} 38. Qd4 {[%emt 0:01:22]} Qc7 {[%emt 0:01:01]} ({Better is} 38... Qb5 {...Qb1+ is the strong threat.} 39. a3 Qb1+ 40. Kh2 Qb2) 39. c4 $17 {[%emt 0:06:47]} Bf7 {[%emt 0:00:26]} 40. Bf1 {[%emt 0:00:00]} Qg3 {[%emt 0:00:00]} 41. Bg2 {[%emt 0:10:39]} (41. Qd3 $17 Qf4 42. a3) 41... Be6 {[%emt 0:10:39]} (41... Qa3 $19 {and Black stays clearly on top.} 42. Qf2 Bxc4 43. Qf5+ Kh8) 42. c5 {[%emt 0:01:04]} Bxa2 {[%emt 0:06:09] 0x0.000e62c4cfb3dp-1022s more active pieces.} 43. Qd7 {[%emt 0:03:01] Inhibits Be6.} (43. Qa1 $17 {keeps fighting.} Be6 44. Qxa5) 43... Qe1+ {[%emt 0:04:47]} 44. Kh2 {[%emt 0:00:05]} Qc3 {[%emt 0:00:03] Threatens to win with ...Qe5+.} 45. c6 {[%emt 0:10:29]} (45. Qf5+ {was called for.} Kh8 46. c6) 45... Qe5+ $19 {[%emt 0:00:21]} 46. Kg1 {[%emt 0:00:28]} Be6 {[%emt 0:00:09] Inhibits Qf5+.} 47. Qa7 {[%emt 0:01:10]} (47. Qe7) 47... Qa1+ {[%emt 0:01:22]} 48. Kf2 {[%emt 0:01:35]} a4 {[%emt 0:01:11][%cal Ba5a4,Ba4a3][%mdl 32] Hoping for ...a3.} 49. Qe7 {[%emt 0:05:10]} Qa2+ {[%emt 0:02:37]} 50. Kg1 {[%emt 0:00:56]} a3 {[%emt 0:00:28]} 51. Bf1 {[%emt 0:02:37]} Qb3 {[%emt 0:00:30] Weighted Error Value: White=0.47/Black=0.11 (very precise)} 0-1

[Event "AUT Bundesliga 2021-22"]
[Site "Graz"]
[Date "2022.04.23"]
[Round "11.8"]
[White "Nisipeanu, Liviu-Dieter"]
[Black "Dobosz, Henryk"]
[Result "1-0"]
[WhiteElo "2652"]
[BlackElo "2384"]
[Annotator "TA"]
[PlyCount "45"]
[EventDate "2021.01.17"]
[EventType "team-tourn"]
[EventCountry "AUT"]
[SourceTitle "playchess.com"]
[Source "ChessBase"]
[SourceQuality "1"]
[TimeControl "40/5400+30:1800+30"]

{[%evp 20,45,60,68,83,85,91,87,86,105,103,83,229,236,280,256,281,262,264,258,309,275,314,337,333,262,238,246]} 1. d4 {[%emt 0:00:01]} d5 {[%emt 0:01:06]} 2. c4 {[%emt 0:00:35]} e6 {[%emt 0:00:07]} 3. Nc3 {[%emt 0:00:04]} Be7 {[%emt 0:00:11]} 4. Nf3 {[%emt 0:00:19]} Nf6 {[%emt 0:00:21]} 5. Bg5 {[%emt 0:00:05]} O-O {[%emt 0:04:05]} 6. e3 {[%emt 0:00:23]} Nbd7 {[%emt 0:02:05]} 7. Qc2 {[%emt 0:02:46]} c6 {[%emt 0:02:52]} 8. Bd3 {[%emt 0:04:56]} a6 {[%emt 0:08:35]} 9. O-O {[%emt 0:04:14]} dxc4 {[%emt 0:02:22]} 10. Bxc4 {[%emt 0:00:04]} b5 {[%emt 0:00:06]} 11. Bd3 {[%emt 0:01:48]} c5 {[%emt 0:00:40] D60: Queen's Gambit Declined: Classical: Unusual White 7th moves.} 12. dxc5 {[%emt 0:02:10] &Bianco is much more active. The black rooks are badly placed.} (12. Bxf6 {keeps more tension.} Nxf6 13. dxc5 Bxc5 14. Ne4) 12... Nxc5 {[%emt 0:03:08]} 13. Bxf6 {[%emt 0:05:12] [#]} gxf6 $146 {[%emt 0:02:05] White is better.} ({Predecessor:} 13... Bxf6 14. Bxh7+ Kh8 15. Ne4 Nxe4 16. Bxe4 Ra7 17. Qc5 {1-0 (17) Barlov,D (2469)-Mihalj,M (2323) Zlatibor 2007}) 14. Bxh7+ {[%emt 0:00:41]} Kg7 {[%emt 0:00:11]} 15. Be4 {[%emt 0:01:51]} Nxe4 {[%emt 0:05:30]} (15... Rb8 $16) 16. Qxe4 $18 {[%emt 0:00:12]} Ra7 {[%emt 0:07:43]} 17. Qg4+ {[%emt 0:00:18]} Kh7 {[%emt 0:00:10]} 18. Rad1 {[%emt 0:00:22]} Rd7 {[%emt 0:02:13]} 19. Rxd7 {[%emt 0:00:28]} Bxd7 {[%emt 0:00:21]} 20. Rd1 {[%emt 0:02:22]} Rg8 {[%emt 0:02:03]} 21. Qd4 {[%emt 0:04:42]} b4 {[%emt 0:01:50]} 22. Qxd7 {[%emt 0:00:43]} bxc3 {[%emt 0:00:18]} 23. bxc3 {[%emt 0:00:03] Black got outplayed after the opening.  Weighted Error Value: White=0.12 (very precise) /Black=0.34} 1-0

[Event "AUT Bundesliga 2021-22"]
[Site "Graz"]
[Date "2022.04.23"]
[Round "11.9"]
[White "Mira, Helene"]
[Black "Donchenko, Alexander"]
[Result "0-1"]
[WhiteElo "2090"]
[BlackElo "2636"]
[Annotator "TA"]
[PlyCount "54"]
[EventDate "2021.01.17"]
[EventType "team-tourn"]
[EventCountry "AUT"]
[SourceTitle "playchess.com"]
[Source "ChessBase"]
[SourceQuality "1"]
[TimeControl "40/5400+30:1800+30"]

{[%evp 10,54,8,-1,-5,-2,-13,-16,-22,-12,0,0,0,-37,-10,-20,0,-29,0,-54,-62,-54,-54,-122,-106,-125,-122,-137,-143,-140,-139,-181,-190,-211,-206,-207,-210,-241,-179,-339,-314,-327,-208,-515,-498,-583,-560]} 1. d4 {[%emt 0:00:16]} Nf6 {[%emt 0:00:18]} 2. Nf3 {[%emt 0:00:34]} e6 {[%emt 0:00:21]} 3. e3 {[%emt 0:03:55]} b6 {[%emt 0:01:00]} 4. Bd3 {[%emt 0:00:17]} Bb7 {[%emt 0:00:40]} 5. O-O {[%emt 0:00:24]} d5 {[%emt 0:02:56]} 6. Ne5 {[%emt 0:03:49]} Bd6 {[%emt 0:01:15] D05: Colle System with ...e6.} 7. f4 {[%emt 0:00:06]} O-O {[%emt 0:00:53]} 8. Nd2 {[%emt 0:06:56]} c5 {[%emt 0:03:40] The position is equal.} 9. b3 {[%emt 0:00:17]} b5 {[%emt 0:03:08] [#]} 10. dxc5 $146 {[%emt 0:09:13]} ({Predecessor:} 10. c3 b4 11. Bb2 bxc3 12. Bxc3 Nc6 13. Rc1 Rc8 14. Qf3 Qe7 15. Qh3 h6 16. f5 cxd4 17. exd4 {0-1 (68) Slavin,A (2391)-Akopian,V (2660) Jerusalem 2015}) 10... Bxc5 {[%emt 0:00:21]} 11. Ndf3 {[%emt 0:00:23]} Qb6 {[%emt 0:01:08]} 12. Qe2 {[%emt 0:00:07]} b4 {[%emt 0:06:02]} 13. Re1 {[%emt 0:01:14]} Ne4 {[%emt 0:02:13]} 14. Bb2 {[%emt 0:00:42]} (14. Ng5 $1 $11 Nf6 15. Ng4) 14... f6 $36 {[%emt 0:01:38][%mdl 2048] Black has the initiative.} 15. Ng4 {[%emt 0:04:11]} Nc6 {[%emt 0:02:57][%cal Bb8c6,Bc6e7,Be7f5][%mdl 32]} 16. Bxe4 {[%emt 0:03:44]} ({White should play} 16. Nf2 $15) 16... dxe4 $17 {[%emt 0:00:14]} 17. Nd2 {[%emt 0:00:05] [#]} Ne7 $1 {[%emt 0:00:33]} 18. Nc4 {[%emt 0:02:43]} Qc7 {[%emt 0:01:57]} 19. Kh1 {[%emt 0:02:33]} a5 {[%emt 0:03:08]} 20. a3 {[%emt 0:02:58]} Nf5 {[%emt 0:03:10]} 21. axb4 {[%emt 0:04:29]} axb4 {[%emt 0:00:25]} 22. c3 {[%emt 0:07:06]} bxc3 {[%emt 0:02:38]} 23. Bxc3 {[%emt 0:00:09]} Bd5 {[%emt 0:00:21] This bishop pair is nice.} 24. Rec1 $2 {[%emt 0:04:57] [#]} (24. Rab1 {was worth a try.}) 24... Rxa1 $19 {[%emt 0:00:45]} 25. Rxa1 {[%emt 0:00:08]} Rb8 {[%emt 0:01:26]} 26. Qc2 $2 {[%emt 0:06:06]} (26. Bxf6 {is tougher.} gxf6 27. Nxf6+ Kh8 28. g4 Bxc4 29. Qxc4 Nxe3 30. Qxe4) 26... h5 {[%emt 0:01:29]} 27. Nf2 {[%emt 0:01:06]} Nxe3 {[%emt 0:00:24] Weighted Error Value: White=0.41/Black=0.14 (very precise)} 0-1

[Event "AUT Bundesliga 2021-22"]
[Site "Graz"]
[Date "2022.04.23"]
[Round "11.10"]
[White "Svane, Rasmus"]
[Black "Kozissnik, Christian"]
[Result "1-0"]
[WhiteElo "2637"]
[BlackElo "2018"]
[Annotator "TA"]
[PlyCount "33"]
[EventDate "2021.01.17"]
[EventType "team-tourn"]
[EventCountry "AUT"]
[SourceTitle "playchess.com"]
[Source "ChessBase"]
[SourceQuality "1"]
[TimeControl "40/5400+30:1800+30"]

{[%evp 9,33,47,112,129,144,137,121,53,145,154,155,147,160,157,173,165,170,161,392,171,165,161,233,229,29993,29994]} 1. d4 {[%emt 0:00:03]} c5 {[%emt 0:00:02]} 2. d5 {[%emt 0:00:24]} d6 {[%emt 0:00:02]} 3. e4 {[%emt 0:00:42]} g6 {[%emt 0:00:01]} 4. Nf3 {[%emt 0:01:44]} Bg7 {[%emt 0:00:02]} 5. Nc3 {[%emt 0:00:11]} e6 {[%emt 0:00:03]} ({Black should play} 5... Nf6 $14) 6. dxe6 $16 {[%emt 0:02:21] [#] A43: Schmid Benoni.} Bxc3+ $146 {[%emt 0:03:38]} ({Predecessor:} 6... Bxe6 7. Bf4 Bxc3+ 8. bxc3 Qa5 9. Qd2 Nc6 10. Be2 O-O-O 11. O-O Ne5 12. Qe3 f6 {1-0 (31) Song,G (2145)-Dahlgren,J (1858) Chess.com INT 2022}) 7. bxc3 {[%emt 0:00:43] Hoping for exf7+.} Bxe6 {[%emt 0:00:03]} 8. Rb1 {[%emt 0:04:48]} (8. Bb5+ $16 Nc6 9. O-O) 8... Ne7 {[%emt 0:30:41]} ({Better is} 8... Nf6 $14) 9. Rxb7 {[%emt 0:03:58]} O-O {[%emt 0:00:07]} 10. Bh6 {[%emt 0:07:03]} Re8 {[%emt 0:01:37][%cal Oe7f5] [#]} 11. Bb5 $1 {[%emt 0:02:38] 0x0.00018dd7ffe2dp-1022s more active pieces.} Qc8 {[%emt 0:22:35]} 12. Bxe8 {[%emt 0:09:32] This bishop pair is nice.} ({Don't play} 12. Qxd6 $6 Qxb7 13. Bxe8 (13. Qe5 $2 Nf5 $19) 13... Qxe4+ 14. Kd1 Nbc6 $14) 12... Qxb7 {[%emt 0:00:49]} 13. O-O {[%emt 0:12:51]} ({Resist} 13. Qxd6 $6 Qxe4+ 14. Kd2 Nbc6 $14) 13... Nbc6 $2 {[%emt 0:07:22] [#]} (13... Nd7) 14. Bxc6 {[%emt 0:16:31]} (14. Bxf7+ $142 $1 {[%mdl 512]} Bxf7 15. Qxd6 Bxa2 16. Qf6) 14... Qxc6 $18 {[%emt 0:00:06]} 15. Re1 {[%emt 0:01:23][%cal Of3d4] And now Nd4! would win.} Re8 {[%emt 0:17:24]} (15... Qd7 $142 16. c4 Nc6) 16. c4 {[%emt 0:01:07] White wants to mate with Qa1.} Bxc4 $2 {[%emt 0:09:04]} (16... Qc7 $18 17. Qa1 f6 18. Qxf6 Nc6) 17. Qa1 {[%emt 0:02:00] Weighted Error Value: White=0.30/Black=1.04} 1-0

[Event "AUT Bundesliga 2021-22"]
[Site "Graz"]
[Date "2022.04.23"]
[Round "11.11"]
[White "Amann, Harald"]
[Black "Acs, Peter"]
[Result "0-1"]
[WhiteElo "1913"]
[BlackElo "2591"]
[Annotator "TA"]
[PlyCount "42"]
[EventDate "2021.01.17"]
[EventType "team-tourn"]
[EventCountry "AUT"]
[SourceTitle "playchess.com"]
[Source "ChessBase"]
[SourceQuality "1"]
[TimeControl "40/5400+30:1800+30"]

{[%evp 17,42,-16,-2,-17,-13,-28,-17,-21,-8,-67,-41,-152,-183,-497,-502,-491,-502,-740,-777,-750,-769,-769,-716,-951,-535,-1335,-1269]} 1. d4 {[%emt 0:00:04]} Nf6 {[%emt 0:00:12]} 2. c4 {[%emt 0:00:14]} e6 {[%emt 0:01:22]} 3. Nf3 {[%emt 0:00:24]} d5 {[%emt 0:00:37]} 4. Nc3 {[%emt 0:00:46]} c6 {[%emt 0:00:40]} 5. e3 {[%emt 0:00:17]} Nbd7 {[%emt 0:00:30][%cal Bb8d7,Bd7e5,Be5f3][%mdl 32]} 6. Bd2 {[%emt 0:00:46]} Bd6 {[%emt 0:03:02]} 7. Qc2 {[%emt 0:00:00]} O-O {[%emt 0:01:36]} 8. Be2 {[%emt 0:02:09]} dxc4 {[%emt 0:10:34]} 9. Bxc4 {[%emt 0:01:11]} e5 {[%emt 0:00:38]} 10. dxe5 {[%emt 0:12:32] D46: Semi-Slav: 5 e3 Nbd7 6 Bd3, Black avoids the Meran.} Nxe5 {[%emt 0:00:52]} 11. Be2 {[%emt 0:00:40]} Qe7 {[%emt 0:08:58]} 12. O-O {[%emt 0:07:32] [#] The position is equal.} Re8 $146 {[%emt 0:11:18]} ({Predecessor:} 12... Nfg4 13. g3 Nxf3+ 14. Bxf3 Ne5 15. Bg2 Bg4 16. f3 Be6 17. b3 Rad8 18. f4 Ng4 {0-1 (34) Cossa,P (1969)-Ajibola,O (2124) Maputo 2011}) 13. Rfe1 {[%emt 0:06:46]} (13. Nd4 $11) 13... Nfg4 {[%emt 0:09:04] Threatens to win with ...Nxf3+.} 14. g3 {[%emt 0:11:38]} ({Better is} 14. h3 $15 Nxf3+ 15. Bxf3) 14... Qf6 $36 {[%emt 0:06:45][%mdl 2048] Keeping White busy.} 15. Kg2 {[%emt 0:09:09]} (15. Qd1 {was the crucial defense.}) 15... Nxf3 $19 {[%emt 0:09:32] Black is clearly winning.} 16. Bxf3 {[%emt 0:07:24] [#]} Nxh2 $1 {[%emt 0:02:01][%mdl 512]} 17. Be4 {[%emt 0:00:02] [#]} (17. Be2 Qh6) 17... Bh3+ $1 {[%emt 0:04:02][%mdl 512]} 18. Kxh3 {[%emt 0:11:16]} Qxf2 {[%emt 0:00:10][%csl Gd6][%cal Rf2g3]} 19. Rg1 {[%emt 0:00:41]} Re6 {[%emt 0:01:45][%cal Re6h6]} 20. Bxh7+ {[%emt 0:01:29]} Kh8 {[%emt 0:00:22][%cal Re6h6]} 21. e4 {[%emt 0:04:16][%cal Og1g2] Hoping for Rg2!} g5 {[%emt 0:01:28] White got outplayed after the opening.  Weighted Error Value: White=1.29/Black=0.33} 0-1

[Event "AUT Bundesliga 2021-22"]
[Site "Graz"]
[Date "2022.04.23"]
[Round "11.13"]
[White "Krassowizkij, Jaroslaw"]
[Black "Berkes, Ferenc"]
[Result "1/2-1/2"]
[WhiteElo "2449"]
[BlackElo "2660"]
[Annotator "TA"]
[PlyCount "106"]
[EventDate "2021.01.17"]
[EventType "team-tourn"]
[EventCountry "AUT"]
[SourceTitle "playchess.com"]
[Source "ChessBase"]
[SourceQuality "1"]
[TimeControl "40/5400+30:1800+30"]

{[%evp 9,106,29,30,16,16,14,20,13,23,19,20,19,11,9,8,10,33,20,66,14,22,0,12,0,0,0,0,0,0,0,0,0,0,0,0,0,0,0,0,0,0,0,0,0,0,0,0,0,0,2,13,0,0,0,0,0,0,0,0,0,0,0,0,0,0,0,0,0,0,0,0,0,0,0,0,0,0,0,0,0,0,0,0,0,0,0,0,0,0,0,0,0,0,0,0,0,0,0,0]} 1. d4 {[%emt 0:00:03]} d5 {[%emt 0:00:05]} 2. c4 {[%emt 0:00:05]} c6 {[%emt 0:00:03]} 3. Nf3 {[%emt 0:00:33]} Nf6 {[%emt 0:00:06]} 4. e3 {[%emt 0:00:25]} a6 {[%emt 0:00:28]} 5. Nc3 {[%emt 0:00:41]} Bf5 {[%emt 0:00:07]} 6. Bd3 {D15: Slav Defence: 4 Nc3 a6 and gambit lines after 4 Nc3 dxc4.} Bxd3 {[%emt 0:00:17]} 7. Qxd3 {[%emt 0:01:02]} e6 {[%emt 0:00:09]} 8. O-O {[%emt 0:00:18]} Bb4 {[%emt 0:00:25]} 9. Bd2 {[%emt 0:02:29][%cal Oc3d5] And now Nxd5! would win.} O-O {[%emt 0:01:05]} 10. a3 Ba5 {[%emt 0:10:32]} 11. b4 {[%emt 0:05:24]} Bc7 {[%emt 0:00:27]} 12. e4 {[%emt 0:00:04]} h6 {[%emt 0:03:11] [#]} 13. Rfe1 $146 {[%emt 0:26:11]} ({Predecessor:} 13. a4 Re8 14. Rfe1 Nxe4 15. Nxe4 dxe4 16. Qxe4 Nd7 17. Bc3 Nf6 18. Qe2 b5 19. axb5 axb5 20. cxb5 {½-½ (29) L'Ami,E (2614)-Postny,E (2653) Germany 2015}) 13... Nbd7 (13... dxe4 $11 {is more appropriate.} 14. Nxe4 Nxe4 15. Qxe4 (15. Rxe4 Nd7 $11) 15... Nd7) 14. exd5 {[%emt 0:14:25]} ({White should try} 14. cxd5 $14 cxd5 15. e5) 14... exd5 $11 {[%emt 0:01:57] The position is equal.} 15. cxd5 {[%emt 0:00:33]} cxd5 {[%emt 0:05:24]} 16. Ne5 {[%emt 0:08:56]} Re8 {[%emt 0:00:07][%cal Rc7e5]} 17. Qf5 {[%emt 0:02:41]} Nxe5 {[%emt 0:14:59]} 18. dxe5 {[%emt 0:00:52]} Ne4 {[%emt 0:00:07]} 19. Nxe4 {[%emt 0:01:31][%cal Oe4f6] [#] Hoping for Nf6+!} Rxe5 {[%emt 0:00:08]} 20. Nf6+ $1 {[%emt 0:02:59]} Qxf6 {[%emt 0:01:23]} 21. Qxf6 {[%emt 0:00:46]} gxf6 {[%emt 0:00:07]} 22. Rac1 {[%emt 0:05:03]} Rae8 {[%emt 0:05:46]} 23. Kf1 {[%emt 0:19:14]} Rxe1+ {[%emt 0:06:27]} 24. Bxe1 {[%emt 0:00:01][%mdl 4096] Endgame KRB-KRB} Be5 {[%emt 0:03:17]} (24... Bxh2 25. g3 $16) 25. b5 {[%emt 0:01:01]} axb5 {[%emt 0:03:30]} ({Much less strong is} 25... Bxh2 26. g3 $16) 26. Rc5 {[%emt 0:00:55][%csl LRb5,LRd5]} Rd8 {[%emt 0:00:12]} 27. Ke2 {[%emt 0:01:09]} h5 {[%emt 0:02:48]} 28. Rxb5 {[%emt 0:00:12]} Rd7 {[%emt 0:00:07]} 29. g3 Kg7 30. f4 {[%emt 0:03:28]} Bd4 {[%emt 0:01:55]} 31. Bf2 {[%emt 0:00:40]} Bxf2 {[%emt 0:04:54]} 32. Kxf2 {[%emt 0:00:01] KR-KR} Kg6 {[%emt 0:00:09]} 33. Ke3 {[%emt 0:01:22]} Re7+ {[%emt 0:21:04]} 34. Kf2 {[%emt 0:01:23]} d4 {[%emt 0:04:45]} 35. Rd5 {[%emt 0:00:27]} Re4 {[%emt 0:00:45]} 36. h4 {[%emt 0:00:52]} b6 {[%emt 0:02:23]} 37. a4 {[%emt 0:02:26]} d3 {[%emt 0:00:42]} 38. Rxd3 {[%emt 0:00:17]} Rxa4 {[%emt 0:01:45]} 39. Rb3 {[%emt 0:00:31]} Kf5 {[%emt 0:01:46]} 40. Kf3 {[%emt 0:00:00]} Rc4 {[%emt 0:00:00]} 41. Rxb6 {[%emt 0:03:38]} Rc3+ {[%emt 0:02:41]} 42. Kg2 {[%emt 0:01:24]} Kg4 {[%emt 0:03:14]} 43. Rxf6 {[%emt 0:00:09]} Rc2+ {[%emt 0:02:36]} 44. Kf1 {[%emt 0:00:09]} Kf3 {[%emt 0:00:06][%cal Rc2c1] [#]} 45. Ke1 {[%emt 0:00:23]} Re2+ {[%emt 0:00:08]} 46. Kf1 {[%emt 0:01:00]} Ra2 {[%emt 0:01:04][%cal Ra2a1]} 47. Ke1 {[%emt 0:00:08]} Ra1+ {[%emt 0:02:14]} 48. Kd2 {[%emt 0:00:09]} Ra7 {[%emt 0:00:05]} 49. Rf5 {[%emt 0:00:54]} Kxg3 {[%emt 0:00:08]} 50. Rxh5 {[%emt 0:00:05]} Kxf4 {[%emt 0:00:06]} 51. Rh8 {[%emt 0:12:55]} Re7 {[%emt 0:01:12]} 52. h5 {[%emt 0:00:31]} Kg5 {[%emt 0:00:08]} 53. Rh7 {[%emt 0:02:55]} Re8 {[%emt 0:00:27] Weighted Error Value: White=0.04 (flawless) /Black=0.02 (flawless)} 1/2-1/2

[Event "AUT Bundesliga 2021-22"]
[Site "Graz"]
[Date "2022.04.23"]
[Round "11.14"]
[White "Markus, Robert"]
[Black "Kvetny, Mark"]
[Result "1/2-1/2"]
[WhiteElo "2625"]
[BlackElo "2417"]
[Annotator "TA"]
[PlyCount "76"]
[EventDate "2021.01.17"]
[EventType "team-tourn"]
[EventCountry "AUT"]
[SourceTitle "playchess.com"]
[Source "ChessBase"]
[SourceQuality "1"]
[TimeControl "40/5400+30:1800+30"]

{[%evp 12,76,19,25,30,23,33,27,37,0,0,0,0,0,0,0,0,0,0,-10,0,-12,-8,-39,-42,-75,-94,-82,-73,-81,-89,-79,-89,-110,-109,-133,-102,-127,-124,-150,-117,-133,-135,-122,-123,-116,-138,-180,-179,-160,-47,-50,-57,-122,-122,-119,-121,-114,-110,-97,-82,-132,0,-115,0,-135,0]} 1. d4 {[%emt 0:00:04]} Nf6 {[%emt 0:00:04]} 2. c4 {[%emt 0:00:08]} e6 {[%emt 0:00:04]} 3. Nf3 {[%emt 0:00:05]} d5 {[%emt 0:00:08]} 4. e3 {[%emt 0:00:05]} c5 {[%emt 0:07:32]} 5. cxd5 {[%emt 0:00:50]} exd5 {[%emt 0:00:07]} 6. Bb5+ {[%emt 0:00:17]} Nc6 {[%emt 0:01:42]} 7. O-O {[%emt 0:00:36]} cxd4 $1 {[%emt 0:01:56][%mdl 4] is recently more successful than 7...Bd6. D30: Queen's Gambit Declined: Systems without Nc3.} 8. exd4 {[%emt 0:02:53]} Bd6 {[%emt 0:07:56]} 9. Re1+ {[%emt 0:13:16]} Be6 {[%emt 0:00:15] [#] White has an edge.} 10. Ng5 $146 {[%emt 0:01:30]} ({Predecessor:} 10. Bg5 O-O 11. Nc3 Rb8 12. Rc1 h6 13. Bh4 Bf4 14. Ra1 Re8 15. Ne5 Qb6 16. Bxc6 bxc6 {0-1 (36) Tibbert,P (1763)-Lindberg,W (1747) ICCF email 2015}) 10... O-O {[%emt 0:02:28]} 11. Nxe6 {[%emt 0:00:05]} fxe6 {[%emt 0:00:04]} 12. Nc3 {[%emt 0:00:05] Prevents Ne4.} Qc7 {[%emt 0:16:00]} 13. g3 {[%emt 0:03:02]} Qf7 {[%emt 0:05:39][%cal Of6g4]} 14. Be3 {[%emt 0:04:00]} h5 {[%emt 0:07:55][%cal Bh7h5,Bh5h4][%mdl 32]} 15. Be2 {[%emt 0:15:15]} h4 {[%emt 0:06:12]} 16. Bf3 {[%emt 0:08:22]} Ne7 {[%emt 0:03:01]} 17. Bg2 {[%emt 0:05:32]} Nf5 {[%emt 0:03:11]} 18. Bg5 {[%emt 0:07:40] Bxf6 is the strong threat.} hxg3 {[%emt 0:08:33]} 19. fxg3 {[%emt 0:01:14] Strongly threatening Bxf6.} Nh7 {[%emt 0:02:50]} 20. Bf4 {[%emt 0:08:21]} Bxf4 {[%emt 0:00:51]} 21. gxf4 {[%emt 0:00:06][%cal Oe1e6]} Nf6 {[%emt 0:00:15]} 22. Qd2 {[%emt 0:05:23]} Rae8 {[%emt 0:02:31]} 23. Rf1 {[%emt 0:00:32]} Nh5 {[%emt 0:01:47] Pair of Knights!} 24. Rf2 {[%emt 0:03:25]} Qg6 {[%emt 0:04:23]} 25. Ne2 {[%emt 0:03:11]} Rf6 {[%emt 0:01:28]} 26. Kh1 {[%emt 0:03:29]} Qh6 {[%emt 0:02:35]} 27. Bf3 {[%emt 0:03:19]} Nhg3+ {[%emt 0:03:16]} 28. Nxg3 {[%emt 0:02:17]} Nxg3+ {[%emt 0:00:02]} 29. Kg1 {[%emt 0:00:20]} Nf5 {[%emt 0:00:15]} 30. Raf1 {[%emt 0:00:15]} Ref8 {[%emt 0:03:39]} (30... Rg6+ $17 31. Rg2 Rxg2+ 32. Bxg2 Rc8) 31. Bg4 $1 $15 {[%emt 0:00:44]} Nd6 {[%emt 0:01:02] Hoping for ...Ne4.} 32. Rf3 {[%emt 0:00:23]} (32. Rg2 $15) 32... Rg6 $17 {[%emt 0:02:39]} 33. Qg2 {[%emt 0:01:54]} Qh4 $36 {[%emt 0:00:07][%mdl 2048] Keeping White busy.} 34. h3 {[%emt 0:00:25]} Nf5 {[%emt 0:01:05]} 35. Rd3 {[%emt 0:01:09]} Nh6 {[%emt 0:01:24][%cal Rh6g4]} 36. Rg3 {[%emt 0:00:22]} (36. Qg3 $142 Qf6 37. Kh1) 36... Nf5 {[%emt 0:00:15]} 37. Rd3 {[%emt 0:00:06]} Nh6 {[%emt 0:02:51][%cal Rh6g4]} 38. Rg3 {[%emt 0:00:06] [#]} Nf5 {[%emt 0:00:18] Weighted Error Value: White=0.11 (very precise) /Black=0.18 (very precise)} (38... Rc8 $1 $17 39. b3 {[#]} (39. Bxe6+ $2 Rxe6 40. Rxg7+ Kh8 $19) 39... Rc2 $3 {[%mdl 512]}) 1/2-1/2